<?xml version="1.0" encoding="UTF-8"?>
<record
    xmlns:xsi="http://www.w3.org/2001/XMLSchema-instance"
    xsi:schemaLocation="http://www.loc.gov/MARC21/slim http://www.loc.gov/standards/marcxml/schema/MARC21slim.xsd"
    xmlns="http://www.loc.gov/MARC21/slim">

  <leader>03135nam a2200553Ia 4500</leader>
  <controlfield tag="001">1873</controlfield>
  <controlfield tag="008">241029s9999    xx            000 0 und d</controlfield>
  <datafield tag="010" ind1=" " ind2=" ">
    <subfield code="a">1753</subfield>
  </datafield>
  <datafield tag="041" ind1=" " ind2=" ">
    <subfield code="a">Espa&#xF1;ol</subfield>
  </datafield>
  <datafield tag="082" ind1=" " ind2=" ">
    <subfield code="a">BU. ED. 420 UTESA</subfield>
  </datafield>
  <datafield tag="245" ind1=" " ind2="0">
    <subfield code="a">Importancia de la Estrategia Ense&#xF1;anza-Aprendizaje de las Ciencias Sociales Frente a los Avances del Conocimiento. Caso Primer Grado de la Educaci&#xF3;n Media del Polit&#xE9;cnico San Valero, Regional 10-01 del Municipio Santo Domingo Norte en el Primer Semestre del A&#xF1;o Escolar 2010-2011</subfield>
  </datafield>
  <datafield tag="260" ind1=" " ind2=" ">
    <subfield code="a">Santo Domingo</subfield>
  </datafield>
  <datafield tag="300" ind1=" " ind2=" ">
    <subfield code="a">97</subfield>
  </datafield>
  <datafield tag="520" ind1=" " ind2=" ">
    <subfield code="a">35</subfield>
  </datafield>
  <datafield tag="630" ind1=" " ind2=" ">
    <subfield code="a">Ciencias Sociales</subfield>
  </datafield>
  <datafield tag="630" ind1=" " ind2=" ">
    <subfield code="a">Ense&#xF1;anza-Aprendizaje</subfield>
  </datafield>
  <datafield tag="630" ind1=" " ind2=" ">
    <subfield code="a">Estrategia de Aprendizaje</subfield>
  </datafield>
  <datafield tag="630" ind1=" " ind2=" ">
    <subfield code="a">Nivel Medio</subfield>
  </datafield>
  <datafield tag="650" ind1=" " ind2=" ">
    <subfield code="a">Ciencias Sociales</subfield>
  </datafield>
  <datafield tag="690" ind1=" " ind2=" ">
    <subfield code="a">Copiado sin cambios</subfield>
  </datafield>
  <datafield tag="700" ind1=" " ind2=" ">
    <subfield code="e">asesor</subfield>
    <subfield code="a">Javier, Mario</subfield>
  </datafield>
  <datafield tag="700" ind1=" " ind2=" ">
    <subfield code="e">autor</subfield>
    <subfield code="a">B&#xE1;ez Santana, H&#xE9;ctor Bienvenido</subfield>
  </datafield>
  <datafield tag="901" ind1=" " ind2=" ">
    <subfield code="a">{"1":"B&#xE1;ez Santana"}</subfield>
    <subfield code="b">{"1":"H&#xE9;ctor Bienvenido"}</subfield>
  </datafield>
  <datafield tag="902" ind1=" " ind2=" ">
    <subfield code="a">1</subfield>
  </datafield>
  <datafield tag="903" ind1=" " ind2=" ">
    <subfield code="a">{"1":"Javier"}</subfield>
    <subfield code="b">{"1":"Mario"}</subfield>
  </datafield>
  <datafield tag="904" ind1=" " ind2=" ">
    <subfield code="a">Mag&#xED;ster en</subfield>
  </datafield>
  <datafield tag="905" ind1=" " ind2=" ">
    <subfield code="a">Ciencias de la Educaci&#xF3;n</subfield>
  </datafield>
  <datafield tag="906" ind1=" " ind2=" ">
    <subfield code="a">2</subfield>
  </datafield>
  <datafield tag="907" ind1=" " ind2=" ">
    <subfield code="a">NO APLICA</subfield>
  </datafield>
  <datafield tag="908" ind1=" " ind2=" ">
    <subfield code="a">NO APLICA</subfield>
  </datafield>
  <datafield tag="909" ind1=" " ind2=" ">
    <subfield code="a">Universidad Tecnol&#xF3;gica de Santiago (UTESA), Campus Central Herrera</subfield>
  </datafield>
  <datafield tag="910" ind1=" " ind2=" ">
    <subfield code="a">NULL</subfield>
    <subfield code="b">NULL</subfield>
  </datafield>
  <datafield tag="911" ind1=" " ind2=" ">
    <subfield code="a">["1"]</subfield>
  </datafield>
  <datafield tag="912" ind1=" " ind2=" ">
    <subfield code="a">NO APLICA</subfield>
  </datafield>
  <datafield tag="913" ind1=" " ind2=" ">
    <subfield code="a">NULL</subfield>
  </datafield>
  <datafield tag="914" ind1=" " ind2=" ">
    <subfield code="a">01 de Diciembre de 2010</subfield>
  </datafield>
  <datafield tag="915" ind1=" " ind2=" ">
    <subfield code="a">NULL</subfield>
  </datafield>
  <datafield tag="916" ind1=" " ind2=" ">
    <subfield code="a">NULL</subfield>
  </datafield>
  <datafield tag="917" ind1=" " ind2=" ">
    <subfield code="a">NULL</subfield>
  </datafield>
  <datafield tag="918" ind1=" " ind2=" ">
    <subfield code="a">NO APLICA</subfield>
  </datafield>
  <datafield tag="919" ind1=" " ind2=" ">
    <subfield code="a">["231","89","93","240"]</subfield>
  </datafield>
  <datafield tag="520" ind1=" " ind2=" ">
    <subfield code="a">La importancia de esta investigaci&#xF3;n esta determinada por las transformaciones que se forman, que los estudiantes realizan el proceso de construcci&#xF3;n del conocimiento.El objetivo general de esta investigaci&#xF3;n es el determinar en que el grado se implementan estrategias metodol&#xF3;gicas que est&#xE9;n en consonancia con los procesos sociales y tecnol&#xF3;gicos, los fines de la educaci&#xF3;n y las aspiraciones de los estudiantes del primer nivel de la educaci&#xF3;n media en el Polit&#xE9;cnico San Valero.La metodolog&#xED;a aplicada en el presente trabajo consisti&#xF3; en el levantamiento bibliogr&#xE1;fico, entrevistas y aplicaci&#xF3;n de cuestionarios a los profesores y estudiantes, la observaci&#xF3;n y la Internet.Los resultados obtenidos en la contrataci&#xF3;n emp&#xED;rica refleja que: el modelo t&#xE9;cnico-cient&#xED;fico responde a las aspiraciones de los estudiantes en los aspectos sociales y tecnol&#xF3;gicos. Que las estrategias m&#xE1;s utilizadas en la ense&#xF1;anza-aprendizaje de las ciencias sociales son coherentes con el paradigma constructivista, que la socializaci&#xF3;n y la percepci&#xF3;n que tienen los estudiantes de la escuela y de los maestros son buenas. El hallazgo m&#xE1;s importante es que se aprecia una tendencia al uso generalizado de la tecnolog&#xED;a en la investigaci&#xF3;n, b&#xFA;squeda y procesamiento de datos e informaciones por los estudiantes.Que esta tendencia corresponde con las opiniones de algunos maestros en relaci&#xF3;n a que los estudiantes, no quieren escribir, ni pensar todo lo quieren hacer con la computadora.</subfield>
  </datafield>
  <datafield tag="921" ind1=" " ind2=" ">
    <subfield code="a">16</subfield>
  </datafield>
  <datafield tag="922" ind1=" " ind2=" ">
    <subfield code="a">16</subfield>
  </datafield>
  <datafield tag="923" ind1=" " ind2=" ">
    <subfield code="a">0</subfield>
  </datafield>
  <datafield tag="924" ind1=" " ind2=" ">
    <subfield code="a">NO APLICA</subfield>
  </datafield>
  <datafield tag="942" ind1=" " ind2=" ">
    <subfield code="c">Tesis</subfield>
  </datafield>
  <datafield tag="999" ind1=" " ind2=" ">
    <subfield code="c">1753</subfield>
    <subfield code="d">1753</subfield>
  </datafield>
</record>
